Aliens Ben 10 (Español Latino) - Estadísticas

Estadísticas generales
  • Esta prueba ha sido intentada 122 veces
    120 desde el último reinicio
  • La puntuación promedio es 34 de 70
Estadísticas de respuestas
Serie clásica % Correcto
Fuego
96%
Cuatrobrazos
95%
Diamante
95%
Materia Gris
93%
Bestia
92%
Cannonbolt
90%
Fantasmático
89%
XLR8
89%
Muy Grande
82%
Ultra T
82%
Insectoide
81%
Acuático
79%
Fuego Pantanoso
78%
Alien X
74%
Eco Eco
73%
Humungosaurio
73%
Frío
70%
Ditto
68%
Blitzwolfer
64%
Mono Araña
64%
Piedra
64%
Wildvine
63%
Jetray
58%
Upchuck
56%
Cerebrón
55%
Feedback
55%
NRG
53%
Arctiguana
52%
Rath
51%
Goop
49%
Multiojos
48%
Armadillo
47%
Tortutornado
47%
Amenaza Acuática
45%
Fasttrack
45%
Bloxx
42%
Buzzshock
42%
Snare-Oh
42%
Spitter
42%
Eco Eco Supremo
41%
Frankenstrike
41%
Ampfibio
38%
Fuego Pantanoso Supremo
38%
El Peor
37%
Atomix
36%
Frío Supremo
34%
Muy Grande Supremo
34%
Clockwork
33%
Gravattack
33%
Humungosaurio Supremo
33%
Mono Araña Supremo
33%
Bestia Supremo
32%
Lodestar
32%
Nanomech
32%
Camaleón
27%
Cannonbolt Supremo
25%
Molestache
22%
Shocksquatch
22%
Whampire
22%
Astrodactyl
21%
Crashhopper
21%
Jury Rigg
21%
Molestolvo
21%
Walkatrout
19%
Escarabola
18%
Barrigobot
16%
Eatle
16%
Halcón
16%
Toepick
16%
Bullfrag
15%
No se encontraron pruebas coincidentes
Distribución de puntuación
Porcentaje de gente con cada puntuación
Porcentaje por número respondido
Historial de tus puntuaciones
No has intentado esta prueba desde el último reinicio